|
|
|
|
| LEADER |
00000nab a2200000uu 4500 |
| 001 |
vtls011497259 |
| 003 |
SK-MaSNL |
| 005 |
20260304013355.0 |
| 008 |
240911|2006 xo |||||||||||||||||slo| |
| 015 |
|
|
|a SNBRB
|
| 035 |
|
|
|a (urnnbn)urn:nbn:sk:snk:ar-00137n
|
| 035 |
|
|
|a (uuid)8e55fbbb-301d-49d3-a90a-310ee80653cb
|
| 035 |
|
|
|a urn:nbn:sk:snk-abdskl
|
| 040 |
|
|
|a SNKBUCL
|b slo
|c SNKBUCL
|e AACR2
|
| 041 |
0 |
|
|a slo
|
| 044 |
|
|
|a xo
|c SK
|
| 100 |
1 |
|
|a Horváth, Karol D.,
|d 1961-
|4 aut
|9 105062
|
| 245 |
1 |
0 |
|a Taxonómia amatérskych režisérov
|c Karol Horváth
|
| 773 |
0 |
|
|t Javisko
|g Roč. 38, č. 2 (2006), s. 18-19
|
| 958 |
|
|
|a OND
|
| 958 |
|
|
|a EUIPO
|
| 958 |
|
|
|a article20
|
| 999 |
|
|
|c 2575557
|d 2577487
|